000 00628 a2200205 4500
020 _a0809475987 (hardcover)
020 _a9780809475988 (hardcover)
082 0 4 _a621.397
090 _c5652
_d5652
100 1 _aBooks, Time-Life.
245 1 0 _aMemory and storage /
_cTime-Life Books.
250 _aRevised ed.
260 _a[S.l.] :
_bTime Life Education,
_c1990.
300 _a128 p. ;
_c28 cm.
490 1 _aUnderstanding computers.
520 _abook.
830 0 _aUnderstanding computers.
856 4 0 _3Amazon.com
_uhttp://www.amazon.com/exec/obidos/ASIN/0809475987/chopaconline-20
942 _aNBS
_cBK
_k621.397 TLB
999 _c348054
_d348054